banner koha

Maneiras de economizar água na irrigação - tópico 2 (Registro n. 329273)

MARC details
000 -LÍDER
fixed length control field 00922nab a2200313 4500
003 - CÓDIGO MARC DA AGÊNCIA CATALOGADORA
Campo de controle BR-BrBNA
005 - DATA E HORA DA ÚLTIMA ATUALIZAÇÃO
Campo de controle 20241215134709.0
008 - CAMPO DE TAMANHO FIXO
fixed length control field 241215b bl.||||| |||| 00| 0 por d
040 ## - FONTE DA CATALOGAÇÃO
Agência catalogadora BR-BrBNA
Idioma da catalogação por
072 ## - CATEGORIA AGRIS
Código AGRIS P10 ; F06 ; N20
100 ## - ENTRADA PRINCIPAL - NOME PESSOAL
Nome pessoal Giacóia Neto, José
245 ## - TÍTULO PRINCIPAL
Título principal Maneiras de economizar água na irrigação - tópico 2
500 ## - NOTA GERAL
Nota geral 5 illus.
942 ## - ADDED ENTRY ELEMENTS (KOHA)
Koha item type Analítica
650 ## - ASSUNTO - THESAGRO
Cabeçalho tópico ou nome geográfico IRRIGAÇÃO
650 ## - ASSUNTO - THESAGRO
Cabeçalho tópico ou nome geográfico CONSERVAÇÃO DA ÁGUA
650 ## - ASSUNTO - THESAGRO
Cabeçalho tópico ou nome geográfico USO SUSTENTÁVEL DA ÁGUA
650 ## - ASSUNTO - THESAGRO
Cabeçalho tópico ou nome geográfico JARDIM
650 ## - ASSUNTO - THESAGRO
Cabeçalho tópico ou nome geográfico CAMPO
650 ## - ASSUNTO - THESAGRO
Cabeçalho tópico ou nome geográfico AGRICULTURA
650 ## - ASSUNTO - THESAGRO
Cabeçalho tópico ou nome geográfico ARBORIZAÇÃO
650 ## - ASSUNTO - THESAGRO
Cabeçalho tópico ou nome geográfico PAISAGISMO
650 ## - ASSUNTO - THESAGRO
Cabeçalho tópico ou nome geográfico SISTEMA DE IRRIGAÇÃO
650 ## - ASSUNTO - THESAGRO
Cabeçalho tópico ou nome geográfico AVALIAÇÃO
650 ## - ASSUNTO - THESAGRO
Cabeçalho tópico ou nome geográfico CONTROLE
650 ## - ASSUNTO - THESAGRO
Cabeçalho tópico ou nome geográfico EQUIPAMENTO DE IRRIGAÇÃO
773 0# - ENTRADA ANALÍTICA
Host Biblionumber 4820
Registro do item 344760
Imprenta Votuporanga/SP IRRIGAZINE 2009
Outro identificador 2024-5090
Título Irrigazine (Brazil)
Colação v. 11(44) p. 24-27; (Nov 2015)
Número de controle de registro BR2024003962

Nenhum exemplar disponível.

BINAGRI

Telefone: (61)3218-2567/2388/3357/2097 - binagri@agro.gov.br

Ministério da Agricultura e Pecuária , Esplanada dos Ministérios, Bloco D, Anexo B, Brasília/DF, CEP: 70.043-900